=LDR 00000nam 2200000 4500 =001 INLIS000000000006561 =005 20130612094702 =008 ***********************************Ind** =035 ##$$0010-061300000006561 =041 ##$$a Ind =082 ##$$a 973 =090 ##$$a 973, Fuc k =100 ##$$a FUCHS, Lawrence H =245 ##$$a Kaleideskop Amerika, Ras, etnik, dan budaya warga, Lawrence H. Fuchs. -- =260 ##$$a 1994 $b Bandung =300 ##$$a xx, 362 hlm, 24 cm =650 ##$$a Sejarah - Amerika Serikat =850 ##$$a NBPNMAT